00613nam a2200169 4500001000700000003000900007005001700016007000300033008004100036100004000077245008600117260004500203300002200248852003200270999001900302952012200321108412ES-MaACL20230906184635.0t|061121s1970 sp r ||||1| spa d1 aMontero Escalera, Francisco.98251910aDel ambiente y del paisaje b: estampas líricas / cFrancisco Montero Escalera. aHuelva : b[s.n.], c1970 (fImp. Color) a114 p. ; c20 cm. aES-MaACLjC-48012 bR.74273 c108412d108412 00104070aATENEOMbATENEOMcDEPO2d2008-01-17eSCl0oC-48012p1113127r2023-02-23 00:00:00w2023-02-23yMONOGRAFIA